000 01082nam0a22002891 4500
001 RU\NLR\INFOCOMM_233\5000093300
005 20250613101720.0
035 _a(NLR Aleph) 009389181
090 _a8031726
_c8031726
100 _a20110201d1980 |||y0rusy50 ca
101 0 _aeng
102 _aRU
105 _aa ||||000|y
200 1 _aGeodynamics and oil and gas-bearing reefs
_e[Rep. of the USSR delegation at the XVII th sess. CCOP (Nov. 4-17, 1980, Bangkok, Thailand)]
_fM. M. Grachevsky
_gMin. of geology of the USSR
210 _a[М.]
_d1980
215 _a27 с.
_cил.
_d21 см
300 _aВ вып. дан.: Геодинамика и нефтегазоносные рифы / М. М. Грачевский
300 _aНа обл. авт. не указан
320 _aБиблиогр.: с. 26-27
686 _aД454.1-237.1
_2rubbk
700 1 _9z01790
_aGračevskij
_bM. M.
_gMark Markovič
_4070
790 1 _9z01700
_aGrachevsky
_bM. M.
_4070
801 1 _aRU
_bNLR
_c20110201
801 0 _aRU
_bNLR
_gPSBO
852 _aNLR
_jГн01 Д-4/239
942 _cBOOK
980 _aNB